Premier League Appearances by Nationality: Ghana - Statistics

General Stats
  • This quiz has been taken 9 times
  • The average score is 4 of 10
Answer Stats
Appearances Player % Correct
102 Andre Ayew
75%
305 Jordan Ayew
75%
168 Michael Essien
75%
104 Antoine Semenyo
38%
84 Mohammed Kudus
38%
106 Daniel Amartey
25%
104 Tariq Lamptey
13%
130 Thomas Partey
13%
280 Jeffrey Schlupp
0%
94 John Paintsil
0%
No matching quizzes found
Score Distribution
Percent of People with Each Score
Percentile by Number Answered
Your Score History
You have not taken this quiz